University Home | Library Home | Institutional Repository

Come, Josephine in my flying machine (Record no. 133814)

MARC details
000 -LEADER
fixed length control field 01425cam1a220026501 4500
001 - CONTROL NUMBER
control field qce00038100
005 - DATE AND TIME OF LATEST TRANSACTION
control field 20190822115255.0
007 - PHYSICAL DESCRIPTION FIXED FIELD--GENERAL INFORMATION
fixed length control field sdubmmennmpune
008 - FIXED-LENGTH DATA ELEMENTS--GENERAL INFORMATION
fixed length control field 770824s1977 nyusgn abe eng
010 ## - LIBRARY OF CONGRESS CONTROL NUMBER
LC control number 77750353 /R
035 ## - SYSTEM CONTROL NUMBER
System control number (Sirsi) r51680
035 ## - SYSTEM CONTROL NUMBER
System control number (QCAT)lss01696664
035 ## - SYSTEM CONTROL NUMBER
System control number (UPRA)qce00038100
040 ## - CATALOGING SOURCE
Modifying agency UPRA
245 00 - TITLE STATEMENT
Title Come, Josephine in my flying machine
Medium [sound recording] :
Remainder of title inventions and topics in popular songs 1910-1929.
260 ## - PUBLICATION, DISTRIBUTION, ETC.
Place of publication, distribution, etc. New York :
Name of publisher, distributor, etc. New World Records,
Date of publication, distribution, etc. 1977.
500 ## - GENERAL NOTE
General note Durations on labels.
500 ## - GENERAL NOTE
General note Featuring original recordings from the 1910's and 20's.
504 ## - BIBLIOGRAPHY, ETC. NOTE
Bibliography, etc. note Program notes, in part by C.H. Scheele. "Selected discography," and "Selected bibliography" (6 p.) on and bound in container.
505 0# - FORMATTED CONTENTS NOTE
Formatted contents note Oceana roll -- The girl on the magazine cover -- He'd have to get under, get out and get under -- On the 5:15 -- Hello, Frisco -- Come, Josephine, in my flying machine -- Everybody wants a key to my cellar -- Take your girlie to the movies -- The Argentines, the Portuguese, and the Greeks -- Mr. Radio Man -- Alabamy bound -- All alone -- The little white house -- Lindberg -- Henry's made a lady out of Lizzie -- If I had a talking picture of you.
511 ## - PARTICIPANT OR PERFORMER NOTE
Participant or performer note Various performers.
650 #0 - SUBJECT ADDED ENTRY--TOPICAL TERM
Topical term or geographic name entry element Songs -- United States.
Geographic subdivision Songs -- United States.
Linkage S6147.1
949 ## - LOCAL PROCESSING INFORMATION (OCLC)
a M1630.18
w lcc
i -65562
m MAIN
t BOOK
l ON-SHELF

No items available.

© 2026 - The University of Zambia Library - Koha v25.11